the young collector's illustrated classics: (Record no. 9478)

MARC details
000 -LEADER
fixed length control field 00870nam a22001817a 4500
003 - CONTROL NUMBER IDENTIFIER
control field OSt
005 - DATE AND TIME OF LATEST TRANSACTION
control field 20260416010012.0
008 - FIXED-LENGTH DATA ELEMENTS--GENERAL INFORMATION
fixed length control field 260416b |||||||| |||| 00| 0 eng d
040 ## - CATALOGING SOURCE
Original cataloging agency DWCL GS lib
Transcribing agency OC
082 ## - DEWEY DECIMAL CLASSIFICATION NUMBER
Classification number Fic. B276y 1994
100 ## - MAIN ENTRY--PERSONAL NAME
Personal name Barrie, J.M
245 ## - TITLE STATEMENT
Title the young collector's illustrated classics:
Remainder of title peter pan
300 ## - PHYSICAL DESCRIPTION
Extent 186
Other physical details illustrations
Dimensions 24cm
520 ## - SUMMARY, ETC.
Summary, etc. Peter Pan by J.M. Barrie follows the Darling children—Wendy, John, and Michael—who are whisked away to the magical Neverland by Peter, a boy who refuses to grow up. There, they face pirates led by Captain Hook, interact with fairies and mermaids, and experience adventures before choosing to return home to adulthood, while Peter remains young forever.
546 ## - LANGUAGE NOTE
Language note English
700 ## - ADDED ENTRY--PERSONAL NAME
Personal name J.M Barrie
942 ## - ADDED ENTRY ELEMENTS (KOHA)
Source of classification or shelving scheme Dewey Decimal Classification
Koha item type Fiction
Classification part Fic. B276y 1994
Suppress in OPAC No
952 ## - LOCATION AND ITEM INFORMATION (KOHA)
--
Holdings
Withdrawn status Lost status Source of classification or shelving scheme Damaged status Not for loan Home library Current library Shelving location Date acquired Source of acquisition Total Checkouts Full call number Barcode Date last seen Price effective from Koha item type Uniform Resource Identifier
    Dewey Decimal Classification     Grade School Library Grade School Library Fiction 04/16/2026 School Fund, Donation   Fic. B276y 1994 7530 04/16/2026 04/16/2026 FIC.